00308nam a2200109Ia 4500008004100000082000800041100001800049245001500067942000600082952009500088999001500183240331s9999 xx 000 0 und d bPAN aPandurangan,A 0aTokai iyal cL 001040708LaWERCLbWERCLcSSCd2024-03-31l0o 800 PANp6433r2024-03-31w2024-03-31yL c4687d4687